Carregant...
WhitMan And Bharati
| Autor principal: | |
|---|---|
| Format: | Printed Book |
| Matèries: |
| LEADER | 00397nam a22001217a 4500 | ||
|---|---|---|---|
| 082 | |a CL# |b SAC/W | ||
| 100 | |a V Sachithananthan |9 170602 | ||
| 245 | |a WhitMan And Bharati | ||
| 300 | |a 234p. | ||
| 650 | |a English Biography; Biography |9 170603 | ||
| 942 | |c BK | ||
| 999 | |c 63661 |d 63661 | ||
| 952 | |0 0 |1 0 |4 0 |6 CL__SAC_W |7 0 |8 BIO |9 76225 |a MAL |b MAL |c STAFF |d 2016-10-06 |e 32532 |l 0 |o CL# SAC/W |p MAL032532 |r 2016-10-06 |t 1 |w 2016-10-06 |y BK | ||